[Event "Titled Tuesday intern op 16th Feb"]
[Site "Chess.com INT"]
[Date "2021.02.16"]
[Round "6"]
[White "Camlar, Arda"]
[Black "Leiva Rodriguez, Jeammarco Giuseppe"]
[Result "1-0"]
[WhiteElo "1934"]
[BlackElo "2391"]
[PlyCount "109"]
[EventDate "2021.02.16"]
[EventType "swiss (blitz)"]
[EventRounds "11"]
[EventCountry "USA"]
[SourceTitle "EXT 2022"]
[Source "ChessBase"]
[SourceDate "2021.10.06"]
[SourceVersion "1"]
[SourceVersionDate "2021.10.06"]
[SourceQuality "1"]

1. d4 Nf6 2. Bf4 d5 3. Nf3 c5 4. e3 Nc6 5. Nbd2 e6 6. c3 cxd4 7. exd4 Nh5 8. Be3 Bd6 9. Bd3 Nf4 10. Bxf4 Bxf4 11. 0-0 Qf6 12. Qe2 Bd7 13. Rae1 Qh6 14. g3 Bc7 15. Ne5 Nxe5 16. dxe5 Bb6 17. Nf3 Qh5 18. Nd4 Qxe2 19. Rxe2 a6 20. f4 Bb5 21. Bxb5+ axb5 22. a3 Ra4 23. Rd1 Bxd4+ 24. Rxd4 Rc4 25. Rxc4 bxc4 26. Kf2 Kd7 27. Ke3 f6 28. Kd4 fxe5+ 29. Rxe5 g6 30. g4 Rf8 31. f5 Kd6 32. Rxe6+ Kd7 33. Re5 gxf5 34. Rxf5 Re8 35. Rxd5+ Kc6 36. Re5 Rd8+ 37. Kxc4 Rd2 38. Rh5 Rxb2 39. Rh6+ Kc7 40. Rxh7+ Kb6 41. g5 Rg2 42. h4 Rg4+ 43. Kb3 Kb5 44. Rxb7+ Ka6 45. Rh7 Ka5 46. Rh6 Kb5 47. g6 Rg1 48. h5 Rb1+ 49. Kc2 Rg1 50. Rh7 Kc4 51. Rc7+ Kb5 52. g7 Kb6 53. Rf7 Rg2+ 54. Kb3 Rg3 55. h6 1-0